[Event "The Fourth Jerusalem Open"]
[Site "SchemingMind.com"]
[Date "2009.12.14"]
[Round "-"]
[White "reptile"]
[Black "An old friend"]
[Result "1-0"]
[WhiteCountry "ISR"]
[BlackCountry "ENG"]
[WhiteElo "1997"]
[WhiteRD "75"]
[BlackElo "1913"]
[BlackRD "78"]
[GameID "230894"]

1. d4 Nf6 2. c4 e5 3. dxe5 Ng4 4. Nf3 Bc5 5. e3 Nc6 6. Be2 O-O 7. O-O Re8 8. Nc3 Ngxe5 9. b3 a5 10. Bb2 Nxf3+
11. Bxf3 Ne5 12. Be4 Ra6 13. Na4 Rh6 14. Nxc5 Qh4 15. h3 d6 16. f4 Bxh3 17. Qe1 Qh5 18. fxe5 Bg4 19. Qg3
1-0

[Event "The Fourth Jerusalem Open"]
[Site "SchemingMind.com"]
[Date "2009.12.14"]
[Round "-"]
[White "Freidenker"]
[Black "An old friend"]
[Result "0-1"]
[WhiteCountry "INT"]
[BlackCountry "ENG"]
[WhiteElo "1682"]
[WhiteRD "102"]
[BlackElo "1913"]
[BlackRD "78"]
[GameID "230895"]

1. Nf3 Nf6 2. c4 g6 3. g3 Bg7 4. Bg2 O-O 5. O-O d6 6. Nc3 c6 7. Rb1 e5 8. d3 Re8 9. Bg5 h6 10. Bd2 d5
11. cxd5 cxd5 12. Re1 e4 13. dxe4 dxe4
0-1

[Event "The Fourth Jerusalem Open"]
[Site "SchemingMind.com"]
[Date "2009.12.14"]
[Round "-"]
[White "tyler_ensor"]
[Black "An old friend"]
[Result "1/2-1/2"]
[WhiteCountry "CAN"]
[BlackCountry "ENG"]
[WhiteElo "1800"]
[WhiteRD "62"]
[BlackElo "1890"]
[BlackRD "89"]
[GameID "230896"]

1. d4 Nf6 2. c4 e5 3. dxe5 Ng4 4. e4 h5 5. Nf3 Bc5 6. Nd4 Nxf2 7. Kxf2 Qh4+ 8. Ke3 Nc6 9. g3 Bxd4+ 10. Qxd4 Qg5+
11. Kd3 Qxc1 12. Qc3 Qxc3+ 13. Nxc3 Nxe5+ 14. Kc2 c6 15. Be2 d6 16. Rad1 Ke7 17. h3 Be6 18. b3 Rad8 19. Rh2 f6 20. Rhh1 h4
21. g4 g5 22. Bf1 Bxg4 23. hxg4 Nxg4 24. Rd2 Rdg8 25. Nd1 Ne5 26. Ne3 Nf7 27. Bh3 Nh6 28. Nf5+ Nxf5 29. Bxf5 b6 30. Rg2=
1/2-1/2

[Event "The Fourth Jerusalem Open"]
[Site "SchemingMind.com"]
[Date "2009.12.14"]
[Round "-"]
[White "zolex88"]
[Black "An old friend"]
[Result "1-0"]
[WhiteCountry "HUN"]
[BlackCountry "ENG"]
[WhiteElo "2031"]
[WhiteRD "82"]
[BlackElo "1911"]
[BlackRD "84"]
[GameID "230897"]

1. e4 c5 2. Nf3 d6 3. d4 cxd4 4. Nxd4 Nf6 5. Nc3 g6 6. Be3 Bg7 7. f3 O-O 8. Qd2 Nc6 9. Bc4 Bd7 10. O-O-O Qa5
11. Bb3 Rfc8 12. h4 Ne5 13. h5 Rxc3 14. Qxc3 Qxc3 15. bxc3 Nxh5 16. Bg5 Nf6 17. g4 a5 18. Rh4 a4 19. Bd5 Nxd5 20. exd5 Re8
21. Rdh1 Kf8 22. Rxh7 Rc8 23. Bxe7+ Kxe7 24. Rxg7 Rxc3 25. f4 Nxg4 26. Rhh7 Be8 27. Rxg6
1-0

[Event "The Fourth Jerusalem Open"]
[Site "SchemingMind.com"]
[Date "2009.12.14"]
[Round "-"]
[White "Frenchy"]
[Black "An old friend"]
[Result "0-1"]
[WhiteCountry "CAN"]
[BlackCountry "ENG"]
[WhiteElo "1594"]
[WhiteRD "59"]
[BlackElo "1913"]
[BlackRD "78"]
[GameID "230898"]

1. e4 e5 2. Nf3 Nc6 3. d4 exd4 4. Nxd4 Bc5 5. Be3 Qf6 6. c3 Nge7 7. g3 d5 8. Bg2 dxe4 9. Nd2 Bb6 10. Nxe4 Qg6
11. O-O Bg4 12. Qa4 O-O 13. Nc5 Ne5 14. Bf4 Bxc5
0-1

[Event "The Fourth Jerusalem Open"]
[Site "SchemingMind.com"]
[Date "2009.12.19"]
[Round "-"]
[White "michalis"]
[Black "Geomy"]
[Result "1-0"]
[WhiteCountry "GRE"]
[BlackCountry "ENG"]
[WhiteElo "1914"]
[WhiteRD "71"]
[BlackElo "1809"]
[BlackRD "97"]
[GameID "231529"]

1. e4 d5 2. exd5 Qxd5 3. Nc3 Qa5 4. d4 c6 5. Nf3 Nf6 6. Bc4 Bf5 7. Bd2 Qc7 8. O-O e6 9. Re1 Be7 10. Nh4 Ng4
11. Nxf5 Qxh2+ 12. Kf1 exf5 13. Qf3 Qh1+ 14. Ke2 Qh5 15. Rh1 Qg6 16. Rae1 Nf6 17. Kd1 Qg4 18. Qxg4 Nxg4 19. Re2
1-0

[Event "The Fourth Jerusalem Open"]
[Site "SchemingMind.com"]
[Date "2009.12.22"]
[Round "-"]
[White "michalis"]
[Black "reptile"]
[Result "1-0"]
[WhiteCountry "GRE"]
[BlackCountry "ISR"]
[WhiteElo "1937"]
[WhiteRD "73"]
[BlackElo "1997"]
[BlackRD "75"]
[GameID "231530"]

1. e4 e5 2. Nf3 Nc6 3. Bb5 a6 4. Ba4 Nf6 5. O-O Nxe4 6. d4 b5 7. Bb3 d5 8. dxe5 Be6 9. Nbd2 Bc5 10. Nxe4 dxe4
11. Ng5 Bxb3 12. Qxd8+ Rxd8 13. axb3 a5 14. e6 fxe6 15. Nxe6 Bd6 16. Nxd8 Kxd8 17. Rd1 Kd7 18. c4 bxc4 19. bxc4 Ke6 20. Re1 Kf5
21. h3 h5 22. Bd2 Be5 23. Ra2 Ra8 24. Rb1 g5 25. b4 a4 26. b5 Nd8 27. c5 Nb7 28. b6 Nxc5 29. bxc7 Rc8 30. Rb5 Rxc7
31. Rc2 Bd4 32. Bb4 Ke6 33. Bxc5 a3 34. Ra5 a2 35. Raxa2 Rxc5 36. Rxc5 Bxc5 37. Ra5 Kd5 38. Kf1 Kc4 39. Ke2 Kd4 40. f3 exf3+
41. Kxf3 Be7 42. Ra8 Ke5 43. Rh8
1-0

[Event "The Fourth Jerusalem Open"]
[Site "SchemingMind.com"]
[Date "2009.12.17"]
[Round "-"]
[White "michalis"]
[Black "Freidenker"]
[Result "1-0"]
[WhiteCountry "GRE"]
[BlackCountry "INT"]
[WhiteElo "1965"]
[WhiteRD "74"]
[BlackElo "1614"]
[BlackRD "93"]
[GameID "231531"]

1. e4 c6 2. d4 d5 3. Nd2 dxe4 4. Nxe4 Bf5 5. Ng3 Bg6 6. h4 h6 7. Nf3 Nd7 8. h5 Bh7 9. Bd3 Bxd3 10. Qxd3 e6
11. Bf4 Ngf6 12. O-O-O Be7 13. Kb1 O-O 14. Ne4 Nxe4 15. Qxe4 Nf6 16. Qe2 Bd6 17. Bd2 Qc7 18. g4 Bf4 19. Ne5 Bxd2 20. Rxd2 Nd7
21. f4 Nxe5 22. dxe5 Rfd8 23. Rhd1
1-0

[Event "The Fourth Jerusalem Open"]
[Site "SchemingMind.com"]
[Date "2009.12.17"]
[Round "-"]
[White "michalis"]
[Black "tyler_ensor"]
[Result "1-0"]
[WhiteCountry "GRE"]
[BlackCountry "CAN"]
[WhiteElo "1914"]
[WhiteRD "71"]
[BlackElo "1759"]
[BlackRD "65"]
[GameID "231532"]

1. e4 d6 2. d4 Nf6 3. Nc3 g6 4. f4 Bg7 5. Nf3 O-O 6. Be2 c5 7. dxc5 Qa5 8. O-O Qxc5+ 9. Kh1 Nc6 10. Bd3 Bg4
11. Qe1 Bxf3 12. Rxf3 Nb4 13. Be3 Nxd3 14. cxd3 Qc7 15. f5 Rfd8 16. Bd4 Nd7 17. fxg6 hxg6 18. Nd5 Qc2 19. Nxe7+ Kf8 20. Bxg7+ Kxg7
21. Qh4 Rh8 22. Qf4 Raf8= 23. Qxd6 Qxb2 24. Raf1 Qe5 25. Rxf7+ Rxf7 26. Qxg6+
1-0

[Event "The Fourth Jerusalem Open"]
[Site "SchemingMind.com"]
[Date "2009.12.17"]
[Round "-"]
[White "michalis"]
[Black "zolex88"]
[Result "0-1"]
[WhiteCountry "GRE"]
[BlackCountry "HUN"]
[WhiteElo "1894"]
[WhiteRD "72"]
[BlackElo "2002"]
[BlackRD "80"]
[GameID "231533"]

1. e4 e5 2. Nf3 Nc6 3. Bb5 a6 4. Ba4 Nf6 5. O-O Be7 6. Re1 b5 7. Bb3 O-O 8. c3 d5 9. exd5 Nxd5 10. Nxe5 Nxe5
11. Rxe5 c6 12. d4 Bd6 13. Re1 Qh4 14. g3 Qh3 15. Re4 g5 16. Qf3 Bf5 17. Bxd5 cxd5 18. Re3 Be4 19. Rxe4 dxe4 20. Qf6 Qg4
21. Qxg5+ Qxg5 22. Bxg5 f6 23. Be3 f5 24. Nd2 Rfd8 25. Re1 Rd7 26. f3 exf3 27. Nxf3 Re7 28. Kf2 Rae8 29. Nh4 Rf7 30. Bh6 Rxe1
31. Kxe1 Rf6 32. Bg5 Rf8 33. Kf2 Bb8 34. Kf3 Kf7 35. Bh6 Re8 36. Bd2 Kf6 37. g4 fxg4+ 38. Kxg4 Re2
0-1

[Event "The Fourth Jerusalem Open"]
[Site "SchemingMind.com"]
[Date "2009.12.18"]
[Round "-"]
[White "michalis"]
[Black "An old friend"]
[Result "1/2-1/2"]
[WhiteCountry "GRE"]
[BlackCountry "ENG"]
[WhiteElo "1914"]
[WhiteRD "71"]
[BlackElo "1911"]
[BlackRD "84"]
[GameID "231534"]

1. e4 c5 2. Nf3 d6 3. d4 cxd4 4. Nxd4 Nf6 5. Nc3 g6 6. Be3 Bg7 7. f3 Nc6 8. Qd2 O-O 9. Bc4 Bd7 10. O-O-O Qa5
11. Bb3 Rfc8 12. h4 Ne5 13. Kb1 Nc4 14. Bxc4 Rxc4 15. Nb3 Qc7 16. g4 Rc8 17. Bd4 b5 18. Bxf6 Bxf6 19. Nd5 Rxc2 20. Nxc7 Rxd2
21. Rxd2 Rxc7 22. h5 Kf8=
1/2-1/2

[Event "The Fourth Jerusalem Open"]
[Site "SchemingMind.com"]
[Date "2009.12.18"]
[Round "-"]
[White "michalis"]
[Black "Frenchy"]
[Result "1-0"]
[WhiteCountry "GRE"]
[BlackCountry "CAN"]
[WhiteElo "1894"]
[WhiteRD "72"]
[BlackElo "1959"]
[BlackRD "94"]
[GameID "231535"]

1. e4 c5 2. Nf3 Nc6 3. d4 cxd4 4. Nxd4 Nf6 5. Nc3 d6 6. Bg5 e6 7. Qd2 Be7 8. O-O-O O-O 9. f4 Nxd4 10. Qxd4 Qa5
11. Bc4 Bd7 12. Rd3 Rfd8 13. Rg3 Kh8 14. e5 dxe5 15. fxe5 Be8 16. Qe3 Ng8 17. Bd3 h6 18. Bxe7 Nxe7 19. Rf1 Rac8 20. Qe1 Nd5
21. Nxd5= Rxd5 22. Qe4 g6 23. Qh4 Kh7 24. Bxg6+ Kg7 25. Bxf7+
1-0

[Event "The Fourth Jerusalem Open"]
[Site "SchemingMind.com"]
[Date "2009.12.19"]
[Round "-"]
[White "Geomy"]
[Black "michalis"]
[Result "1-0"]
[WhiteCountry "ENG"]
[BlackCountry "GRE"]
[WhiteElo "1857"]
[WhiteRD "99"]
[BlackElo "1824"]
[BlackRD "76"]
[GameID "231536"]

1. d4 Nf6 2. c4 g6 3. Nc3 Bg7 4. e4 d6 5. f3 O-O 6. Be3 e5 7. d5 c6 8. g4 c5 9. Qd2 h5 10. h3 a6
11. Bg5 Qc7 12. Bh6 Nbd7 13. Nge2 Rb8 14. Ng3
1-0

[Event "The Fourth Jerusalem Open"]
[Site "SchemingMind.com"]
[Date "2009.12.22"]
[Round "-"]
[White "reptile"]
[Black "michalis"]
[Result "0-1"]
[WhiteCountry "ISR"]
[BlackCountry "GRE"]
[WhiteElo "2004"]
[WhiteRD "76"]
[BlackElo "1965"]
[BlackRD "74"]
[GameID "231537"]

1. d4 Nf6 2. c4 g6 3. Nc3 Bg7 4. Nf3 O-O 5. e4 d6 6. h3 e5 7. d5 Nbd7 8. b4 a5 9. Ba3 axb4 10. Bxb4 c5
11. dxc6 Nc5 12. Bxc5 Qa5 13. Be3 Nxe4 14. Bd2 Nxc3 15. Qb3 e4 16. Nh2 Qa4 17. cxb7 Bxb7 18. Rc1 Nxa2 19. Qxa4 Rxa4 20. Rb1 Nc3
21. Rc1 Ra3 22. Ng4 f5 23. Ne3 f4 24. Nc2 Ra4 25. h4 e3 26. fxe3 f3 27. gxf3 Bxf3 28. Rh3 Ne4 29. Bd3 Nc5 30. Be2 Bxe2
31. Kxe2 Ne4 32. Be1 Rxc4 33. h5 Rfc8 34. Kd3 d5 35. hxg6 hxg6 36. Rh2 Nc5+ 37. Kd2 Nb3+ 38. Kd1 Nxc1 39. Kxc1 Ra8 40. Bg3 Ra2
41. Bf4 Kf7 42. Kd1 Kf6 43. Rd2 g5 44. Bg3 g4 45. Bh4+ Kf5 46. Rxd5+ Ke4 47. Rd2 Be5
0-1

[Event "The Fourth Jerusalem Open"]
[Site "SchemingMind.com"]
[Date "2009.12.17"]
[Round "-"]
[White "Freidenker"]
[Black "michalis"]
[Result "0-1"]
[WhiteCountry "INT"]
[BlackCountry "GRE"]
[WhiteElo "1614"]
[WhiteRD "93"]
[BlackElo "1965"]
[BlackRD "74"]
[GameID "231538"]

1. Nf3 Nf6 2. c4 c5 3. g3 g6 4. Bg2 Bg7 5. O-O O-O 6. d4 cxd4 7. Nxd4 Nc6 8. Nc2 d6 9. Nc3 Be6 10. b3 Rc8
11. Bb2 Qa5 12. Ne4 Nxe4 13. Bxg7 Nxf2 14. Rxf2 Kxg7 15. Nd4 Bd7 16. Nxc6 Bxc6 17. e4 Qe5 18. Re2 b5 19. cxb5 Bxb5 20. Rc2 Rxc2
0-1

[Event "The Fourth Jerusalem Open"]
[Site "SchemingMind.com"]
[Date "2009.12.18"]
[Round "-"]
[White "tyler_ensor"]
[Black "michalis"]
[Result "1/2-1/2"]
[WhiteCountry "CAN"]
[BlackCountry "GRE"]
[WhiteElo "1812"]
[WhiteRD "66"]
[BlackElo "1824"]
[BlackRD "76"]
[GameID "231539"]

1. d4 Nf6 2. c4 g6 3. Nc3 Bg7 4. e4 d6 5. f3 O-O 6. Be3 e5 7. dxe5 dxe5 8. Qxd8 Rxd8 9. Nd5 Nxd5 10. cxd5 c6
11. Bc4 cxd5 12. Bxd5 Nc6 13. Ne2 Nb4 14. O-O-O Nxd5 15. Rxd5 Rxd5 16. exd5 b6 17. Rd1 Ba6 18. Nc3=
1/2-1/2

[Event "The Fourth Jerusalem Open"]
[Site "SchemingMind.com"]
[Date "2009.12.17"]
[Round "-"]
[White "zolex88"]
[Black "michalis"]
[Result "1-0"]
[WhiteCountry "HUN"]
[BlackCountry "GRE"]
[WhiteElo "2002"]
[WhiteRD "80"]
[BlackElo "1894"]
[BlackRD "72"]
[GameID "231540"]

1. e4 c5 2. Nf3 d6 3. d4 cxd4 4. Nxd4 Nf6 5. Nc3 a6 6. Be3 e5 7. Nb3 Be6 8. f3 Be7 9. Qd2 O-O 10. O-O-O Nbd7
11. g4 Qc7 12. Kb1 Rfc8 13. Qf2 b5 14. g5 Nh5 15. h4 b4 16. Nd5 Bxd5 17. Rxd5 a5 18. Bh3 a4 19. Nc1 Rcb8 20. Bg4 Nf4
21. Bxf4 exf4 22. Bxd7 Qxd7 23. Qd2 Qa7 24. Qxf4 Rc8 25. Nd3 b3 26. cxb3 axb3 27. a3 Rc2 28. Ka1 Rxb2 29. Kxb2 Qxa3+ 30. Kc3= b2+
31. Kc2 Rc8+ 32. Kd2 Qb3 33. Qf5 Rc2+ 34. Ke3 b1=Q 35. Rxb1 Qxb1 36. Rb5 Qg1+ 37. Kf4 Qh2+ 38. Ke3 Qxh4 39. Rb8+ Bf8 40. Qa5
1-0

[Event "The Fourth Jerusalem Open"]
[Site "SchemingMind.com"]
[Date "2009.12.18"]
[Round "-"]
[White "An old friend"]
[Black "michalis"]
[Result "0-1"]
[WhiteCountry "ENG"]
[BlackCountry "GRE"]
[WhiteElo "1926"]
[WhiteRD "82"]
[BlackElo "1894"]
[BlackRD "72"]
[GameID "231541"]

1. e4 c5 2. Nc3 d6 3. g3 Nc6 4. Bg2 g6 5. d3 Bg7 6. Be3 e6 7. Qd2 Qa5 8. Nge2 Nd4 9. O-O Ne7 10. a3 Nec6
11. Rab1 O-O 12. Kh1 a6 13. Rfd1 Rb8 14. h4 b5 15. h5 b4 16. axb4 cxb4 17. Ra1 Qxh5+
0-1

[Event "The Fourth Jerusalem Open"]
[Site "SchemingMind.com"]
[Date "2009.12.18"]
[Round "-"]
[White "Frenchy"]
[Black "michalis"]
[Result "0-1"]
[WhiteCountry "CAN"]
[BlackCountry "GRE"]
[WhiteElo "1594"]
[WhiteRD "59"]
[BlackElo "1937"]
[BlackRD "73"]
[GameID "231542"]

1. e4 c5 2. Nf3 d6 3. d4 cxd4 4. Nxd4 Nf6 5. Nc3 a6 6. Bg5 e6 7. f4 Be7 8. Qf3 Qc7 9. O-O-O Nbd7 10. g4 b5
11. Bxf6 Nxf6 12. g5 Nd7 13. f5 Nc5 14. f6 gxf6 15. gxf6 Bf8 16. Rg1 h5 17. Rg7 b4 18. Nd5 exd5 19. exd5 Nd7 20. Nc6 Bb7
21. Bh3 Bxc6 22. dxc6 Ne5 23. Bd7+ Kd8 24. Qe4 Qb6 25. Be6 Kc7
0-1